书目信息 |
| 书名: | LEGAL ETHICS | |
| 作者: | BY RICHARD A.ZITRIN. | |
| 分册号: | ||
| 分册名: | 出版地: | NEW JERSEY : |
|
| 出版社: | MATHEW BENDER & COMPANY,INC | |
| 出版时间: | 2002. | |
| 页数: | 677 p. ; | |
| 开本: | 1cm. | |
| 丛书名: | ||
| 中图分类号: | ||
| 科图分类号: | ||
| 其他分类号: | D90-053 | |
| 主题词: | ||
| 电子资源: | ||
| 000 | 00501nam 2200169 a 4500 | |
| 001 | E0740842796 | |
| 005 | 20070519112355.26 | |
| 008 | 070519s2002 00010 eng | |
| 020 | @a0-8205-5535-5. | |
| 040 | @aPFT@beng | |
| 090 | @aD90-053 | |
| 099 | @dD90-053@ex140 | |
| 245 | @aLEGAL ETHICS :@bRULES STATUTES AND COMPARISONS / @cBY RICHARD A.ZITRIN. | |
| 250 | @a2002-2003 edition. | |
| 260 | @aNEW JERSEY :@bMATHEW BENDER & COMPANY,INC.,@c2002. | |
| 300 | @a677 p. ;@c1cm. | |
| 700 | @aBY ZITRIN,RICHARD A. | |
| LEGAL ETHICS : : RULES STATUTES AND COMPARISONS / / BY RICHARD A.ZITRIN.-2002-2003 edition.-NEW JERSEY : : MATHEW BENDER & COMPANY,INC., , 2002. |
| 677 p. ; ; 1cm. |
| ISBN 0-8205-5535-5. |
| ● |
| 相关链接 |
|
|
|
|
正题名:LEGAL ETHICS
索取号:D90-053/x140
 
预约/预借
| 序号 | 登录号 | 条形码 | 馆藏地/架位号 | 状态 | 备注 |
| 1 | 10529 | 300105295 | 第二样本阅览室/ [索取号:D90-053/x140] | 在馆 | |
| 2 | 10530 | 300105302 | 第四借阅区/ [索取号:D90-053/x140] | 在馆 |